Silnice se táhla

Podrobná bibliografia
Hlavný autor: Kučera, L. (Autor)
Médium: Článok
Jazyk:čeština
Fyzický popis:Noty
Predmet:

MARC

LEADER 00000nab a2200000 a 4500
001 vtls000466885
003 SK-MaSNL
005 20260303001146.0
008 120926c1992 xo 0 cze
015 |a SNBRB19rr/mm-uuuuu 
035 |a CL0467018 
040 |a SNKBUCL  |b slo  |c SNKBUCL  |e AACR2 
041 0 |a cze 
044 |a xo  |c SK 
080 |a 885.0-1  |2 1981 
080 |a 784.66  |2 1981 
100 1 |a Kučera, L.  |4 aut  |9 790038 
245 1 0 |a Silnice se táhla  |c L. Kučera 
300 |b Noty 
650 0 7 |a populárne piesne  |2 snkbucl  |9 3446 
655 7 |a články z novín a časopisov  |2 snkbucl  |9 267496 
655 7 |a články z odboru literárna veda a krásna literatúra  |2 snkbucl  |9 770045 
773 0 |t Kamarát  |g Roč. 24, č. 42-43 (1992), s. 19 
850 |a Slovenská národná knižnica v Martine  |a MTA001 
852 |a SNK  |b KIS3GCP 
958 |a RK 
958 |a LX 
992 |a RBX 
999 |c 1561997  |d 1563927